header

Elementary and intermediate algebra : (Record no. 253587)

MARC details
000 -LEADER
fixed length control field 01628cam a22003974a 4500
001 - CONTROL NUMBER
control field 15317957
003 - CONTROL NUMBER IDENTIFIER
control field OSt
005 - DATE AND TIME OF LATEST TRANSACTION
control field 20251201103605.0
008 - FIXED-LENGTH DATA ELEMENTS--GENERAL INFORMATION
fixed length control field 080605s2010 mauab 001 0 eng
010 ## - LIBRARY OF CONGRESS CONTROL NUMBER
LC control number 2008024305
020 ## - INTERNATIONAL STANDARD BOOK NUMBER
International Standard Book Number 9780321559449
Qualifying information se : alk. paper
International Standard Book Number 0321559444
Qualifying information se : alk. paper
International Standard Book Number 9780321567260
Qualifying information aie : alk. paper
International Standard Book Number 0321567269
Qualifying information aie : alk. paper
035 ## - SYSTEM CONTROL NUMBER
System control number 15317957
040 ## - CATALOGING SOURCE
Original cataloging agency DLC
Transcribing agency DLC
Modifying agency DLC
050 00 - LIBRARY OF CONGRESS CALL NUMBER
Classification number QA152.3
Item number .B546 2010
082 00 - DEWEY DECIMAL CLASSIFICATION NUMBER
Classification number 512.9
Edition number 22
100 1# - MAIN ENTRY--PERSONAL NAME
Personal name Bittinger, Marvin L.
245 10 - TITLE STATEMENT
Title Elementary and intermediate algebra :
Remainder of title concepts and applications /
Statement of responsibility, etc Marvin L. Bittinger, David J. Ellenbogen, Barbara L. Johnson.
250 ## - EDITION STATEMENT
Edition statement 5th ed.
260 ## - PUBLICATION, DISTRIBUTION, ETC. (IMPRINT)
Place of publication, distribution, etc Boston :
Name of publisher, distributor, etc Addison-Wesley,
Date of publication, distribution, etc c2010.
300 ## - PHYSICAL DESCRIPTION
Extent 1 v. (various pagings) :
Other physical details col. ill., col. map ;
Dimensions 29 cm. +
Accompanying material 3 CD-ROM (4 3/4 in.)
336 ## - CONTENT TYPE
Content type term text
Content type code txt
Source rdacontent
337 ## - MEDIA TYPE
Media type term unmediated
Media type code n
Source rdamedia
338 ## - CARRIER TYPE
Carrier type term volume
Carrier type code nc
Source rdacarrier
500 ## - GENERAL NOTE
General note Includes index.
650 #0 - SUBJECT ADDED ENTRY--TOPICAL TERM
Topical term or geographic name as entry element Algebra
Form subdivision Textbooks.
700 1# - ADDED ENTRY--PERSONAL NAME
Personal name Ellenbogen, David.
Personal name Johnson, Barbara L.
Fuller form of name (Barbara Loreen),
Dates associated with a name 1962-
856 41 - ELECTRONIC LOCATION AND ACCESS
Materials specified Table of contents only
Uniform Resource Identifier <a href="http://www.loc.gov/catdir/toc/ecip0820/2008024305.html">http://www.loc.gov/catdir/toc/ecip0820/2008024305.html</a>
906 ## - LOCAL DATA ELEMENT F, LDF (RLIN)
a 7
b cbc
c orignew
d 1
e ecip
f 20
g y-gencatlg
942 ## - ADDED ENTRY ELEMENTS (KOHA)
Source of classification or shelving scheme Library of Congress Classification
Koha item type Long Loan Books
Holdings
Withdrawn status Lost status Source of classification or shelving scheme Damaged status Not for loan Collection code Home library Current library Shelving location Date acquired Total Checkouts Full call number Barcode Date last seen Date checked out Price effective from Koha item type Source of acquisition
    Library of Congress Classification     Non-fiction Rongo University Library Rongo University Library General Stacks 12/05/2016 4 QA152.3 .B546 2010 201612075 19/10/2017 06/10/2017 12/05/2016 Long Loan Books  
    Library of Congress Classification     Non-fiction Rongo University Library Rongo University Library General Stacks 01/12/2025   QA152.3 .B546 2010 20260356 01/12/2025   01/12/2025 Long Loan Books Books for Africa, Donation

© 2026 Rongo University
Contact us: librarian | system librarian | Rongo university